Statistics for Magic: the Gathering Most Expensive Cards

Click here to take the quiz!

General Stats

  • This quiz has been taken 194 times
  • The average score is 9 of 20

Answer Stats

Price (USD)TypeCard Name% Correct
$4650ArtifactBlack Lotus
99%
$2199ArtifactMox Ruby
79%
$2199ArtifactMox Sapphire
78%
$1599ArtifactMox Emerald
77%
$1750ArtifactMox Jet
74%
$1660SorceryTIme Walk
74%
$1913InstantAncestral Recall
71%
$1599ArtifactMox Pearl
69%
$1450SorceryTimetwister
67%
$1626Legendary LandThe Tabernacle at Pendrell Vale
49%
$1050LandLibrary of Alexandria
33%
$1233LandMishra's Workshop
33%
$1177LandBazaar of Baghdad
28%
$652ArtifactTime Vault
24%
$1250CreatureJuzám Djinn
20%
$484World EnchantmentThe Abyss
19%
$489ArtifactCandelabra of Tawnos
15%
$491EnchantmentChains of Mephistopheles
14%
$500ArtifactChaos Orb
12%
$620EnchantmentMoat
12%

Score Distribution

Percentile by Number Answered

Percent of People with Each Score

Your Score History

You have not taken this quiz